[Event "POL-chT U20 2nd League"]
[Site "Szczyrk"]
[Date "2017.07.25"]
[Round "5.62"]
[White "Sloniewski, Michal"]
[Black "Mackowiak, Filip"]
[Result "1-0"]
[WhiteElo "1682"]
[BlackElo "1477"]
[PlyCount "113"]
[EventDate "2017.07.22"]
[EventType "team-swiss"]
[EventRounds "11"]
[EventCountry "POL"]
[SourceTitle "EXT 2019"]
[Source "ChessBase"]
[SourceDate "2018.10.10"]
[SourceVersion "1"]
[SourceVersionDate "2018.10.10"]
[SourceQuality "1"]

1. d4 d5 2. c4 c6 3. Qc2 Nf6 4. Nf3 e6 5. g3 Bd6 6. Bg2 0-0 7. 0-0 Nbd7 8. Nbd2 e5 9. cxd5 Nxd5 10. Nc4 Qe7 11. Nxd6 Qxd6 12. Rd1 Qe7 13. e4 N5f6 14. d5 Nb6 15. Bg5 Bg4 16. d6 Qe6 17. Qd3 h6 18. Bxf6 Qxf6 19. Rac1 Rad8 20. h3 Be6 21. Qc3 Nc4 22. b3 Nxd6 23. Qxe5 Qxe5 24. Nxe5 Nb5 25. Nd3 Rd4 26. Nc5 b6 27. Nxe6 Rxd1+ 28. Rxd1 fxe6 29. a4 Nc7 30. Rd7 Rf7 31. Rd6 c5 32. Bf1 Re7 33. Bc4 Kf7 34. f4 Kf6 35. e5+ Kf7 36. Kf2 Ne8 37. Rd8 Nc7 38. Rd6 Ne8 39. Rc6 g6 40. a5 bxa5 41. Rxc5 Rb7 42. Rxa5 Ng7 43. Ra6 h5 44. g4 hxg4 45. hxg4 Re7 46. Kf3 Rd7 47. f5 gxf5 48. gxf5 Kf8 49. f6 Ne8 50. Rxe6 Nc7 51. Rd6 Rh7 52. Rd8+ Ne8 53. f7 Rxf7+ 54. Bxf7 Kxf7 55. Rd7+ Ke6 56. Rxa7 Kd5 57. Re7 1-0

[Event "POL-chT U19 2nd League"]
[Site "Iwonicz"]
[Date "2016.07.31"]
[Round "1.63"]
[White "Niedbala, Bartlomiej"]
[Black "Mackowiak, Filip"]
[Result "1-0"]
[WhiteElo "1626"]
[BlackElo "1428"]
[PlyCount "119"]
[EventDate "2016.07.23"]
[EventType "team-swiss"]
[EventRounds "11"]
[EventCountry "POL"]
[SourceTitle "EXT 2019"]
[Source "ChessBase"]
[SourceDate "2018.10.10"]
[SourceVersion "1"]
[SourceVersionDate "2018.10.10"]
[SourceQuality "1"]
[WhiteTeam "Tarnowskie Gory Strzybniczanka U19"]
[BlackTeam "Gdynia MDK U19"]
[WhiteTeamCountry "POL"]
[BlackTeamCountry "POL"]

1. e4 e6 2. d4 d5 3. Nd2 c5 4. c3 Nc6 5. exd5 Qxd5 6. Ndf3 cxd4 7. cxd4 Nf6 8. Bd3 Bb4+ 9. Bd2 Bxd2+ 10. Qxd2 0-0 11. Ne2 Rd8 12. Rd1 Qxa2 13. Nc3 Qa5 14. 0-0 Qc7 15. Qg5 Nb4 16. Bb1 Nbd5 17. Ne5 Nxc3 18. bxc3 h6 19. Qh4 Nd7 20. Qe7 Rf8 21. Rd3 Qd8 22. Qd6 Nxe5 23. Qxe5 Qg5 24. Qe4 Qf5 25. Qe2 b6 26. Rg3 Qf6 27. Qe4 g6 28. Qxa8 Ba6 29. Qf3 Qxf3 30. Rxf3 Bxf1 31. Kxf1 Rc8 32. Ke2 Kf8 33. Bxg6 Rc7 34. Bc2 Ke7 35. Kd3 b5 36. Rh3 a5 37. Rxh6 a4 38. Rh8 Ra7 39. Bb1 Kd6 40. h4 e5 41. h5 exd4 42. Kxd4 a3 43. Ba2 Ra4+ 44. Ke3 Ke7 45. Rh7 Kf6 46. Rxf7+ Kg5 47. Rb7 Ra5 48. g4 Ra4 49. f3 Ra6 50. Rxb5+ Kh6 51. Kf4 Rf6+ 52. Kg3 Ra6 53. Kh4 Kg7 54. f4 Kh7 55. g5 Kg7 56. Rb7+ Kh8 57. g6 Rxg6 58. Rb8+ Kg7 59. hxg6 Kh6 60. f5 1-0

[Event "POL-chT U19 2nd League"]
[Site "Iwonicz"]
[Date "2016.07.31"]
[Round "8.45"]
[White "Norek, Maciej"]
[Black "Mackowiak, Filip"]
[Result "1/2-1/2"]
[WhiteElo "1200"]
[BlackElo "1428"]
[PlyCount "77"]
[EventDate "2016.07.23"]
[EventType "team-swiss"]
[EventRounds "11"]
[EventCountry "POL"]
[SourceTitle "EXT 2019"]
[Source "ChessBase"]
[SourceDate "2018.10.10"]
[SourceVersion "1"]
[SourceVersionDate "2018.10.10"]
[SourceQuality "1"]
[WhiteTeam "Gliwice Akademia Szachowa U19"]
[BlackTeam "Gdynia MDK U19"]
[WhiteTeamCountry "POL"]
[BlackTeamCountry "POL"]

1. e4 e6 2. Qe2 Ne7 3. Nf3 d5 4. d3 dxe4 5. dxe4 Ng6 6. g3 e5 7. Bg2 Bb4+ 8. c3 Ba5 9. 0-0 0-0 10. Rd1 Qe7 11. b3 Rd8 12. Rxd8+ Qxd8 13. Bb2 Nc6 14. Nbd2 Be6 15. Rd1 Qe7 16. Nf1 Rd8 17. Rxd8+ Qxd8 18. Ne3 f6 19. Nd2 Bb6 20. Ndc4 Bc5 21. h4 b5 22. Nd2 b4 23. cxb4 Bxb4 24. Ndc4 Nd4 25. Bxd4 Qxd4 26. Nc2 Bxc4 27. Nxd4 Bxe2 28. Nxe2 Kf7 29. Nc1 Nf8 30. Kf1 Ne6 31. Ke2 Nc5 32. Nd3 Nxd3 33. Kxd3 Ke6 34. g4 h6 35. h5 Kd6 36. Kc4 a5 37. f3 Kc6 38. Bf1 Kd6 39. Bg2 1/2-1/2

[Event "POL-chT U19 2nd League"]
[Site "Szczyrk"]
[Date "2014.08.02"]
[Round "11.111"]
[White "Mackowiak, Filip"]
[Black "Andrzejewska, Maja"]
[Result "1-0"]
[WhiteElo "1300"]
[BlackElo "1134"]
[PlyCount "143"]
[EventDate "2014.07.25"]
[EventType "team-swiss"]
[EventRounds "11"]
[EventCountry "POL"]
[SourceTitle "EXT 2015"]
[Source "ChessBase"]
[SourceDate "2014.11.20"]
[SourceVersion "1"]
[SourceVersionDate "2014.11.20"]
[SourceQuality "1"]
[WhiteTeam "Gdynia MDK U19"]
[BlackTeam "Poznan UMKS Na Pieterku U19"]
[WhiteTeamCountry "POL"]
[BlackTeamCountry "POL"]

1. e4 e5 2. Nf3 Nc6 3. d4 exd4 4. Bc4 Na5 5. Qxd4 Nxc4 6. Qxc4 h6 7. 0-0 d6 8. Nc3 Be6 9. Qb5+ c6 10. Qxb7 Qc8 11. Qxc8+ Rxc8 12. Bf4 Nf6 13. Rad1 d5 14. exd5 cxd5 15. Rfe1 Bb4 16. Be5 0-0 17. a3 Ba5 18. b4 Bb6 19. Rd2 Rfd8 20. Red1 Ne4 21. Nxe4 dxe4 22. Rxd8+ Rxd8 23. Rxd8+ Bxd8 24. Nd2 f5 25. Kf1 Kf7 26. Ke2 g6 27. c4 Ke7 28. c5 Kd7 29. f3 Bd5 30. fxe4 fxe4 31. Ke3 Bg5+ 32. Bf4 Ke6 33. Bxg5 hxg5 34. Nxe4 Kf5 35. Nd6+ Ke5 36. g3 Bb3 37. Kd3 a6 38. Kc3 Bd5 39. a4 Ke6 40. b5 axb5 41. axb5 Kd7 42. Nc4 Kc7 43. Ne5 Be4 44. Kd4 Ba8 45. Nxg6 Bh1 46. h4 gxh4 47. gxh4 Bf3 48. Nf4 Bg4 49. h5 Bd7 50. h6 Bf5 51. Ne6+ Kb7 52. Ng5 Kc7 53. h7 Bxh7 54. Nxh7 Kd7 55. Kd5 Kc7 56. b6+ Kd7 57. c6+ Kc8 58. Kd6 Kd8 59. c7+ Kc8 60. b7+ Kxb7 61. Kd7 Kb6 62. c8Q Kb5 63. Qc6+ Kb4 64. Kd6 Kb3 65. Kd5 Kb4 66. Kd4 Kb3 67. Qc4+ Kb2 68. Qc3+ Kb1 69. Kd3 Ka2 70. Qb4 Ka1 71. Kc2 Ka2 72. Qb2# 1-0

[Event "POL-chT U19 2nd League"]
[Site "Szczyrk"]
[Date "2014.07.30"]
[Round "8.135"]
[White "Mackowiak, Filip"]
[Black "Wloch, Mikolaj"]
[Result "0-1"]
[WhiteElo "1300"]
[BlackElo "1482"]
[PlyCount "152"]
[EventDate "2014.07.25"]
[EventType "team-swiss"]
[EventRounds "11"]
[EventCountry "POL"]
[SourceTitle "EXT 2015"]
[Source "ChessBase"]
[SourceDate "2014.11.20"]
[SourceVersion "1"]
[SourceVersionDate "2014.11.20"]
[SourceQuality "1"]
[WhiteTeam "Gdynia MDK U19"]
[BlackTeam "Bydgoszcz Chemik U19"]
[WhiteTeamCountry "POL"]
[BlackTeamCountry "POL"]

1. e4 c5 2. Nf3 d6 3. c4 Nf6 4. Nc3 Nc6 5. d4 cxd4 6. Nxd4 g6 7. Be2 Bg7 8. Be3 0-0 9. 0-0 Bd7 10. Rc1 Rc8 11. f3 a6 12. Qd2 Re8 13. Rfd1 Rf8 14. b3 Ne8 15. g4 Kh8 16. h3 e6 17. Kh2 Qc7 18. Kg2 f5 19. Bh6 fxg4 20. Bxg7+ Nxg7 21. fxg4 d5 22. exd5 exd5 23. Nxd5 Qe5 24. Nf3 Qe4 25. Qd3 Qe6 26. Nb6 Rcd8 27. Nxd7 Rxd7 28. Qc2 Re7 29. Re1 Qe3 30. Qd3 Qf4 31. Rcd1 Re3 32. Qd2 Ne5 33. Kf2 Nxf3 34. Bxf3 Qxf3+ 35. Kg1 Qg3+ 36. Kh1 Qxh3+ 37. Qh2 Qxh2+ 38. Kxh2 Rxe1 39. Rxe1 Re8 40. Rd1 Ne6 41. Rd7 Nc5 42. Rd5 b6 43. b4 Na4 44. a3 Re4 45. c5 bxc5 46. bxc5 Rxg4 47. c6 Rc4 48. Rd8+ Kg7 49. Rd7+ Kh6 50. c7 Nb6 51. Rd6 Nc8 52. Rd7 Nb6 53. Rd6 Na8 54. Rd8 Nxc7 55. Rc8 Rc3 56. a4 Nd5 57. Ra8 Nb4 58. a5 Ra3 59. Rb8 Nd5 60. Rb1 Rxa5 61. Rd1 Rc5 62. Ra1 a5 63. Kg3 Kg5 64. Kf3 Kf5 65. Ke2 Nc3+ 66. Kd3 a4 67. Kd4 Rc8 68. Rc1 Ne2+ 69. Kd5 Nxc1 70. Kd6 a3 71. Kd5 a2 72. Kd6 a1Q 73. Kd5 Qa2+ 74. Kd6 Qd2+ 75. Ke7 Rc7+ 76. Kf8 Qd8# 0-1

[Event "POL-chT U19 2nd League"]
[Site "Szczyrk"]
[Date "2014.07.28"]
[Round "5.129"]
[White "Rylski, Mateusz"]
[Black "Mackowiak, Filip"]
[Result "1-0"]
[WhiteElo "1347"]
[BlackElo "1300"]
[PlyCount "87"]
[EventDate "2014.07.25"]
[EventType "team-swiss"]
[EventRounds "11"]
[EventCountry "POL"]
[SourceTitle "EXT 2015"]
[Source "ChessBase"]
[SourceDate "2014.11.20"]
[SourceVersion "1"]
[SourceVersionDate "2014.11.20"]
[SourceQuality "1"]
[WhiteTeam "Chylice KS Laura U19 II"]
[BlackTeam "Gdynia MDK U19"]
[WhiteTeamCountry "POL"]
[BlackTeamCountry "POL"]

1. e4 e6 2. d4 d5 3. Nc3 Bb4 4. e5 c5 5. Nf3 Nc6 6. Bb5 Nge7 7. 0-0 0-0 8. Bf4 Qb6 9. Bxc6 Nxc6 10. Be3 Rd8 11. Qd2 Qc7 12. a3 Ba5 13. Bf4 b6 14. Rad1 Bxc3 15. Qxc3 cxd4 16. Nxd4 Bb7 17. Nb5 Qd7 18. Nd6 Ba6 19. Rfe1 Na5 20. b4 Nb7 21. Qb3 Nxd6 22. exd6 Rac8 23. b5 Qxb5 24. a4 Qc4 25. Bg3 Qxc2 26. Qxc2 Rxc2 27. Rc1 Rxc1 28. Rxc1 b5 29. Rc6 Bb7 30. axb5 f6 31. Rc7 Rb8 32. d7 e5 33. Rxb7 Ra8 34. Rc7 Rd8 35. Rc8 Kf7 36. Rxd8 Ke7 37. Ra8 Kxd7 38. Rxa7+ Kc8 39. Rxg7 d4 40. Kf1 e4 41. Ke2 h5 42. b6 f5 43. b7+ Kd8 44. b8Q# 1-0

[Event "POL-chT U19 2nd League"]
[Site "Szczyrk"]
[Date "2014.07.26"]
[Round "3.129"]
[White "Mackowiak, Filip"]
[Black "Brozyna, Mateusz"]
[Result "0-1"]
[WhiteElo "1300"]
[BlackElo "1471"]
[PlyCount "78"]
[EventDate "2014.07.25"]
[EventType "team-swiss"]
[EventRounds "11"]
[EventCountry "POL"]
[SourceTitle "EXT 2015"]
[Source "ChessBase"]
[SourceDate "2014.11.20"]
[SourceVersion "1"]
[SourceVersionDate "2014.11.20"]
[SourceQuality "1"]
[WhiteTeam "Gdynia MDK U19"]
[BlackTeam "Myslenice MLKSz U19 II"]
[WhiteTeamCountry "POL"]
[BlackTeamCountry "POL"]

1. e4 c5 2. Nf3 d6 3. d4 cxd4 4. Nxd4 Nf6 5. Nc3 Bd7 6. Bc4 e6 7. 0-0 Be7 8. Re1 a6 9. f4 0-0 10. e5 Ne8 11. Kh1 Nc6 12. Nf3 d5 13. Bd3 f5 14. b3 Bb4 15. Bd2 Rc8 16. a3 Bc5 17. Ng5 h6 18. Nh3 Qh4 19. Rf1 Nd8 20. Be1 Qe7 21. Qh5 Bd4 22. g4 Bxc3 23. Bxc3 Rxc3 24. a4 Nc7 25. g5 Be8 26. Qh4 h5 27. Rg1 g6 28. Be2 d4 29. Rg3 Qc5 30. Nf2 Rxg3 31. hxg3 Qxc2 32. Re1 Nd5 33. g4 Nxf4 34. gxh5 Nxe2 35. hxg6 Bxg6 36. Qh6 Nf4 37. Rf1 Qe2 38. Kg1 Qf3 39. Qh2 Ne2# 0-1